Pays visités par OSS 117 sur une carte du monde - Statistiques

Statistiques générales
  • Ce quiz a été pris 1 615 fois
    1 585 depuis la dernière actualisation
  • Le résultat moyen est 9 sur 15
Réponses sur la Carte
Les réponses sont colorées sur une échelle allant du rouge au vert en fonction du pourcentage des utilisateurs qui les ont devinées à leur premier essai. Vous pouvez retrouver ces pourcentages ci-dessous.
 
Statistiques - réponses
Pays % Correct
France
97%
Brésil
95%
Egypte
92%
Etats-Unis
76%
"Afrique noire"
75%
Chine
75%
Allemagne
73%
Russie
68%
Italie
56%
Maroc
52%
Suisse
48%
Iran
23%
Afghanistan
20%
Vietnam
19%
Corée du Sud
17%
Aucun quiz correspondant
Distribution des résultats
% des personnes avec chaque résultat
Percentile par nombre de réponses
Votre historique - résultats
Vous n’avez pas pris ce quiz depuis la dernière actualisation